Histoire Française n°3: Chronologie Royale - Statistiques

Statistiques générales
  • Ce quiz a été pris 223 fois
  • Le résultat moyen est 5 sur 8
Statistiques - réponses
Question Réponse % Correct
Quel roi a régné de 481 jusqu'à 511? Clovis
84%
Quel roi a régné de 987 jusqu'à 996? Hugues Capet
74%
Quel roi a régné de 768 jusqu'à 814? Charlemagne
68%
Quel roi a régné de 623 jusqu'à 639? Dagobert 1 er
68%
Quel roi a régné de 1285 jusqu'à 1314? Philipe Le Bel
63%
Quel roi a régné de 751 jusqu'à 768? Pepin le Bref
58%
Quel roi a régné de 1422 jusqu'à 1461? Charles 7
53%
Quel roi a régné de 1461 jusqu'à 1483? Louis 11
47%
Aucun quiz correspondant
Distribution des résultats
% des personnes avec chaque résultat
Percentile par nombre de réponses
Votre historique - résultats
Vous n’avez pas pris ce quiz